[Event "4th Polonia Wroclaw Open A"]
[Site "Wroclaw POL"]
[Date "2009.06.23"]
[Round "5"]
[White "Panocki,A"]
[Black "Muzychuk,A"]
[Result "1/2-1/2"]
[WhiteElo "2370"]
[BlackElo "2533"]
[EventDate "2009.06.20"]

1. e4 d5 2. exd5 Nf6 3. Bb5+ Bd7 4. Be2 Nxd5 5. d4 Bf5 6. Nf3 e6 7. a3 Be7
8. c4 Nb6 9. Nc3 Bf6 10. Be3 O-O 11. h3 h6 12. g4 Bg6 13. Qb3 Nc6 14. O-O-O
a5 15. a4 Nb4 16. Rd2 Nd7 17. h4 c5 18. dxc5 Qc7 19. g5 Bxc3 20. bxc3 Na6
21. gxh6 Naxc5 22. Qa3 Qb6 23. Rb2 Qd6 24. Qa2 Nd3+ 25. Bxd3 Qxd3 26. Qb3
Qe4 27. Qd1 Rfd8 28. Qd4 Nf6 29. Qxe4 Bxe4 30. Rh3 Rd3 31. Rb3 Rad8 32. Nd2
Bg6 33. Rg3 Nh5 34. Rg5 gxh6 35. Rxa5 Ng3 36. Bxh6 Ne2+ 37. Kd1 Rh3 38. f3
Ng3 39. Ke1 Rh2 40. Re5 Rh1+ 41. Kf2 Nf5 42. Bf4 Rxh4 43. Bg5 Rh2+ 44. Ke1
Rh1+ 45. Nf1 Rc8 46. Kf2 Nd6 47. Kg2 Nxc4 48. Reb5 Rh7 49. Rxb7 Kg7 50. Rb8
Rc5 51. R3b5 Rc6 52. Nd2 Rh5 53. Nxc4 Rxc4 54. Be3 e5 55. Re8 Rxc3 56.
Rbxe5 Rc2+ 57. Bf2 Rh4 58. a5 Ra4 59. Kg3 Rc3 60. Rd5 Rd3 61. Rxd3 Bxd3 62.
Bb6 Kg6 63. Rd8 Bb5 64. Rd6+ Kh7 65. Bd8 Ra3 66. Rf6 Kg7 67. Rf5 Bd3 68.
Rg5+ Kh6 69. Kf2 Ba6 70. f4 Bc4 71. Bf6 Be6 72. Bg7+ Kh7 73. Bf8 Ra4 74.
Kg3 Ra1 75. Kf3 Ra4 76. Ke3 Ra1 77. f5 Rxa5 78. Rg7+ Kh8 79. fxe6 fxe6 80.
Rg6 Rf5 81. Bd6 Kh7 82. Rxe6 Kg7 83. Ke4 Rf1 84. Be5+ Kf7 85. Ra6 Ke7 86.
Kd5 Rf7 87. Ra7+ Ke8 88. Ra8+ Kd7 89. Ra6 Ke7 90. Rd6 Ke8 91. Ke6 Re7+ 92.
Kf5 Rf7+ 93. Bf6 Rd7 94. Re6+ Kf7 95. Ra6 Rd5+ 96. Be5 Rd7 97. Rh6 Ke7 98.
Rh8 Kf7 99. Ra8 Ke7 100. Ra6 Kf7 101. Re6 Re7 102. Rd6 Ke8 103. Rd4 Rf7+
104. Bf6 Rd7 105. Rh4 Kf7 106. Rh7+ Ke8 107. Rh8+ Kf7 108. Be5 Ke7 109. Rh6
Ke8 110. Ke6 Re7+ 111. Kd5 Rd7+ 112. Bd6 Rf7 113. Ke6 Re7+ 114. Bxe7
1/2-1/2

[Event "4th Polonia Wroclaw Open A"]
[Site "Wroclaw POL"]
[Date "2009.06.23"]
[Round "5"]
[White "Godard,M"]
[Black "Swiercz,D"]
[Result "1-0"]
[WhiteElo "2336"]
[BlackElo "2492"]
[EventDate "2009.06.20"]

1. d4 Nf6 2. Nf3 g6 3. c4 Bg7 4. Nc3 O-O 5. e4 d6 6. h3 e5 7. d5 a5 8. Bg5
Na6 9. Be2 Nc5 10. Nd2 Bd7 11. b3 c6 12. a3 Qb6 13. O-O Rfc8 14. Rb1 cxd5
15. cxd5 Qc7 16. Rc1 Qb8 17. b4 axb4 18. axb4 Na4 19. Qb3 b5 20. Nxa4 Rxa4
21. Qb2 Rxc1 22. Rxc1 Qa7 23. Qc3 h6 24. Be3 Qa8 25. Bf3 Ne8 26. Nb3 Ra3
27. Bd1 f5 28. f3 fxe4 29. fxe4 Qa4 30. Rb1 Nf6 31. Bc2 Kh7 32. Kh2 g5 33.
Ra1 g4 34. Rxa3 Qxa3 35. Bd2 gxh3 36. gxh3 Qa8 37. Na5 Qe8 38. Qf3 Qg6 39.
Bd3 Nh5 40. Nc6 Bf6 41. Bxb5 Bh4 42. Be2 Bg3+ 43. Kh1 Bf4 44. Be1 Nf6 45.
Bd3 h5 46. b5 Bg4 47. hxg4 hxg4 48. Qg2 Qh6+ 49. Kg1 g3 50. Bxg3 Ng4 51.
Be2 Bxg3 52. Qxg3 Qc1+ 53. Kg2 Ne3+ 54. Kf2 Nc2 55. Qh4+ Kg7 56. Qg4+ Kh8
57. Qc8+ Kg7 58. Qd7+ Kh8 59. Qe8+ Kg7 60. Qe7+ Kh8 61. Qf6+ Kh7 62. Qh4+
Kg7 63. Kg2 Ne1+ 64. Kh2 Qd2 65. Qg4+ Kf6 66. b6 Qh6+ 67. Kg1 Qc1 68. Kf2
Nc2 69. Qf3+ Kg7 70. b7 Qe1+ 71. Kg2 Qd2 72. Qg4+ Kf6 73. Qe6+ Kg7 74. Qe7+
Kh6 75. Qxd6+ Kh7 76. Qe7+ Kh6 77. Qf6+ Kh7 78. Qh4+ Kg7 79. Qf2 Ne3+ 80.
Kf3 Nd1 81. Qg1+ Kf6 82. Qxd1 Qf4+ 83. Kg2 Qg5+ 84. Bg4 1-0

[Event "4th Polonia Wroclaw Open A"]
[Site "Wroclaw POL"]
[Date "2009.06.23"]
[Round "5"]
[White "Nemcova,Kat"]
[Black "Socko,M"]
[Result "0-1"]
[WhiteElo "2294"]
[BlackElo "2456"]
[EventDate "2009.06.20"]

1. e4 c5 2. Nf3 Nc6 3. d4 cxd4 4. Nxd4 g6 5. c4 Bg7 6. Be3 Nf6 7. Nc3 O-O
8. Be2 d6 9. O-O Bd7 10. Rc1 Nxd4 11. Bxd4 Bc6 12. f3 a5 13. e5 dxe5 14.
Bxe5 a4 15. Kh1 Qa5 16. f4 Rfd8 17. Qc2 Rac8 18. b3 Ne8 19. Bg4 e6 20. Bxg7
Nxg7 21. Qb2 axb3 22. axb3 Qb4 23. Na2 Qd2 24. Rf2 Qxb2 25. Rxb2 Rd4 26.
Rf1 h5 27. Be2 Nf5 28. Nb4 Be4 29. Rf2 Rcd8 30. Kg1 Ne3 31. h3 h4 32. Na2
Nf5 33. Nc3 Ng3 34. Bf3 Bxf3 35. Rxf3 Rd2 36. Rxd2 Rxd2 37. Na4 Ne2+ 38.
Kf1 Nd4 39. Rc3 Rd1+ 40. Kf2 Rb1 41. Nc5 b6 42. Nd7 Nxb3 43. Nxb6 Nc5 44.
Ke3 Rxb6 45. Kd4 Nd7 0-1

[Event "4th Polonia Wroclaw Open A"]
[Site "Wroclaw POL"]
[Date "2009.06.23"]
[Round "5"]
[White "Bebel,A"]
[Black "Sieciechowicz,M"]
[Result "0-1"]
[WhiteElo "2252"]
[BlackElo "2392"]
[EventDate "2009.06.20"]

1. e4 e6 2. Nf3 d5 3. Nc3 d4 4. Ne2 c5 5. Ng3 Nc6 6. Bc4 Bd7 7. a3 Bd6 8.
O-O Qc7 9. d3 h5 10. c3 dxc3 11. bxc3 Ne5 12. Re1 h4 13. Nf1 Nxc4 14. dxc4
h3 15. g3 O-O-O 16. Qe2 Bc6 17. Bb2 Be7 18. Rad1 Nh6 19. Bc1 f6 20. Bxh6
Rxh6 21. Rxd8+ Qxd8 22. N3d2 g5 23. Ne3 Qa5 24. Nb1 Rh8 25. f3 a6 26. Qb2
Kb8 27. Nd2 Ka7 28. Nd5 Qd8 29. Nxe7 Qxe7 30. Rb1 Qd6 31. Nb3 b6 32. Nd4
Ba4 33. Ne2 Rb8 34. Kf2 Qd3 35. Qc1 Rd8 36. Rb2 Qxc4 37. e5 Rd3 38. Rd2 Bc6
39. Rxd3 Qxd3 40. Qe3 Qf5 41. exf6 Qxf6 42. g4 e5 43. Ng1 Qf4 44. Qxf4 gxf4
45. Nxh3 b5 46. Ng1 Kb6 47. Ke2 Ka5 48. Kd2 Ka4 49. h4 Kxa3 50. h5 Be8 51.
Ne2 Kb2 52. c4 bxc4 53. Nc3 a5 54. h6 Bg6 55. Na4+ Kb3 56. Nxc5+ Kb4 57.
Na6+ Kb5 58. Nc7+ Kc6 59. Ne6 a4 60. Kc3 a3 61. Nf8 a2 62. Kb2 Bb1 63. h7
c3+ 64. Ka1 Bxh7 65. Kxa2 e4 0-1

[Event "4th Polonia Wroclaw Open A"]
[Site "Wroclaw POL"]
[Date "2009.06.23"]
[Round "5"]
[White "Zawadzka,J"]
[Black "Gumula,D"]
[Result "1/2-1/2"]
[WhiteElo "2390"]
[BlackElo "2330"]
[EventDate "2009.06.20"]

1. e4 c5 2. Nf3 d6 3. d4 cxd4 4. Nxd4 Nf6 5. f3 e5 6. Nb3 Be6 7. c4 Nbd7 8.
Be3 a5 9. Nc3 a4 10. Nd2 Qa5 11. Rc1 Be7 12. Be2 O-O 13. O-O Rfc8 14. Re1
Bd8 15. b3 Bb6 16. Nf1 axb3 17. axb3 Bc5 18. Kh1 Bb4 19. Bd2 Nc5 20. Nb5
Ne8 21. Qc2 Bxd2 22. Nxd2 Nc7 23. Nc3 N7a6 24. Nb5 Nb4 25. Qc3 Nc6 26. Qe3
Qb4 27. Red1 Ra2 28. Rb1 Rca8 29. Nf1 Rc2 30. Bd3 Rca2 31. Ng3 h6 32. Bf1
Rd8 33. h3 Kh7 34. Nf5 Bxf5 35. exf5 f6 36. Nxd6 Nd4 37. Ne4 b6 38. Qc3
Qxc3 39. Nxc3 Ra3 40. Nd5 Rxb3 41. Rxb3 Ncxb3 42. Nxb6 Rb8 43. Nd5 Nc5 44.
Bd3 h5 45. f4 Nxd3 46. Rxd3 Nxf5 47. g4 Rb1+ 48. Kg2 hxg4 49. hxg4 Nh4+ 50.
Kf2 exf4 51. Nxf4 Rb4 52. Rc3 g5 53. Nd5 Rb2+ 54. Ke3 f5 55. gxf5 Nxf5+ 56.
Ke4 Kg6 57. c5 Re2+ 58. Kd3 Re5 59. Kc4 Re6 60. Kd3 Re5 1/2-1/2

[Event "4th Polonia Wroclaw Open A"]
[Site "Wroclaw POL"]
[Date "2009.06.24"]
[Round "6"]
[White "Socko,B"]
[Black "Aleksandrov,A"]
[Result "0-1"]
[WhiteElo "2637"]
[BlackElo "2624"]
[EventDate "2009.06.20"]

1. d4 d5 2. c4 e6 3. Nc3 Bb4 4. Nf3 Nf6 5. Qa4+ Nc6 6. e3 Ne4 7. Qc2 Ba5 8.
Be2 Nb4 9. Qa4+ Nc6 10. Qc2 Nb4 11. Qa4+ Nc6 12. Qb3 b6 13. cxd5 Qxd5 14.
Bc4 Qd6 15. Qc2 Qb4 16. Bd3 Nxc3 17. Bd2 Qa4 18. Qxa4 Nxa4 19. Bb5 Bd7 20.
Bxa4 f6 21. Rc1 Nb4 22. Bxd7+ Kxd7 23. Bxb4 Bxb4+ 24. Ke2 a5 25. Ne1 a4 26.
Nd3 Bd6 27. Rhd1 Ra5 28. e4 Rb5 29. Rc4 Ra8 30. f4 f5 31. e5 Be7 32. Rdc1
Ra7 33. R1c2 Rd5 34. Ke3 g5 35. g3 g4 36. h3 gxh3 37. Rh2 c5 38. Rxh3 a3
39. b3 Rxd4 40. Rxd4+ cxd4+ 41. Kxd4 Rc7 42. Rxh7 Rc2 43. Nb4 Rc1 44. Nd3
Rg1 45. Rh2 Rxg3 46. b4 Rg1 47. Rc2 Rd1 48. Kc4 b5+ 49. Kc3 Ke8 50. Rh2 Ra1
51. Kb3 Rd1 52. Rh3 Kd7 53. Kxa3 Kc6 54. Kb3 Kd5 55. Kc3 Ra1 56. Rh7 Bf8
57. Rh8 Be7 58. Rh7 Bf8 59. Ra7 Ke4 60. Rf7 Rxa2 61. Rxf8 Ra3+ 62. Kc2 Rxd3
63. Re8 Rd5 64. Rxe6 Kxf4 65. Kc3 Rxe5 66. Rc6 Ke3 67. Rd6 f4 68. Rd3+ Ke2
69. Rd2+ Ke1 70. Ra2 Rd5 71. Ra1+ Ke2 0-1

[Event "4th Polonia Wroclaw Open A"]
[Site "Wroclaw POL"]
[Date "2009.06.24"]
[Round "6"]
[White "Malakhatko,V"]
[Black "Tiviakov,S"]
[Result "1/2-1/2"]
[WhiteElo "2610"]
[BlackElo "2697"]
[EventDate "2009.06.20"]

1. c4 e5 2. Nc3 Nf6 3. Nf3 Nc6 4. e3 Bb4 5. Qc2 Bxc3 6. Qxc3 Qe7 7. a3 d5
8. d4 exd4 9. Nxd4 Nxd4 10. Qxd4 c5 11. Qh4 O-O 12. cxd5 Nxd5 13. Qxe7 Nxe7
14. b4 cxb4 15. axb4 Be6 16. Be2 Rfc8 17. Bb2 Bc4 18. Bf3 Bd5 19. Be2 Bc4
20. Bf3 Bd5 21. Be2 Bc4 1/2-1/2

[Event "4th Polonia Wroclaw Open A"]
[Site "Wroclaw POL"]
[Date "2009.06.24"]
[Round "6"]
[White "Postny,E"]
[Black "Balogh,C"]
[Result "1/2-1/2"]
[WhiteElo "2648"]
[BlackElo "2609"]
[EventDate "2009.06.20"]

1. d4 d5 2. c4 c6 3. Nf3 Nf6 4. Nc3 dxc4 5. a4 Bf5 6. Ne5 Nbd7 7. Nxc4 Qc7
8. g3 e5 9. dxe5 Nxe5 10. Bf4 Nfd7 11. Bg2 f6 12. O-O Nc5 13. Ne3 Bg6 14.
b4 Ne6 15. b5 Rd8 16. Qb3 Nd4 17. Qb2 Bc5 18. Rfc1 Qe7 19. a5 O-O 20. a6 b6
21. bxc6 Ndxc6 22. Nb5 Bf7 23. Rd1 Be6 24. Nd5 Qf7 25. Nbc7 Bc8 26. Nb5 Be6
27. Nbc7 Bc8 28. Nb5 Be6 29. Nbc7 1/2-1/2

[Event "4th Polonia Wroclaw Open A"]
[Site "Wroclaw POL"]
[Date "2009.06.24"]
[Round "6"]
[White "Piorun,K"]
[Black "Fridman,D2"]
[Result "1/2-1/2"]
[WhiteElo "2476"]
[BlackElo "2646"]
[EventDate "2009.06.20"]

1. e4 e5 2. Nf3 Nf6 3. Nxe5 d6 4. Nf3 Nxe4 5. c4 Nc6 6. Nc3 Nxc3 7. bxc3
Be7 8. d4 Bf5 9. Be2 O-O 10. Bf4 Bf6 11. O-O Na5 12. Re1 Re8 13. Qa4 b6 14.
Rad1 Re7 15. Qb4 h6 16. c5 Re4 17. Be3 dxc5 18. dxc5 Qe8 19. Nd4 Nc6 20.
Qb3 Nxd4 21. cxd4 Re7 22. d5 bxc5 23. Bb5 Bd7 24. Bxd7 Qxd7 25. Bxc5 Rxe1+
26. Rxe1 Rd8 27. Bxa7 Qxd5 28. Qxd5 Rxd5 29. Be3 c5 30. Kf1 c4 31. Rc1 c3
32. Ke2 Kf8 33. f3 Ke7 34. Rc2 Kd6 35. Bf2 Kc6 36. a4 Rg5 37. g3 Rh5 38. h4
Ra5 39. Be1 Re5+ 40. Kf2 Rc5 41. Ke2 Kb7 42. Kd3 Rd5+ 43. Kc4 Rd4+ 44. Kb3
Rd3 45. Bxc3 Rxf3 46. Kc4 h5 47. Bxf6 Rxf6 48. Kd5 Rf3 49. Re2 Kb6 50. Re7
Rf1 51. Re5 g6 52. Kd6 Rf3 53. Rb5+ Ka6 54. Rg5 Re3 55. Kd7 Re4 56. a5 Kb7
57. Kd6 Kc8 58. Re5 f5 59. a6 Kb8 60. Kd5 Rg4 61. Re3 Ka7 62. Ra3 Re4 63.
Rc3 Kb8 64. Rb3+ Ka8 65. Rc3 Kb8 66. Rb3+ Ka7 67. Ra3 Re1 68. Rc3 Kb8 69.
Rc6 Rg1 70. Rxg6 f4 71. Ke4 fxg3 72. Kf3 Rh1 73. Rb6+ Ka7 74. Rb4 Kxa6 75.
Kxg3 Rg1+ 76. Kf3 Rg8 77. Rd4 Kb6 78. Rd5 Rh8 79. Kf4 Kc6 80. Re5 Kd6 81.
Rf5 Ke6 1/2-1/2

[Event "4th Polonia Wroclaw Open A"]
[Site "Wroclaw POL"]
[Date "2009.06.24"]
[Round "6"]
[White "Baklan,V"]
[Black "Biolek,R2"]
[Result "1-0"]
[WhiteElo "2618"]
[BlackElo "2424"]
[EventDate "2009.06.20"]

1. e4 e5 2. Nf3 Nc6 3. Bb5 Bc5 4. O-O Nf6 5. Nxe5 Nxe5 6. d4 a6 7. Be2 Nxe4
8. dxc5 Nxc5 9. Qd4 Qe7 10. f4 Ng6 11. f5 Qxe2 12. fxg6 Ne6 13. gxf7+ Kf8
14. Qh4 Qe5 15. Nc3 b6 16. Bf4 Qc5+ 17. Rf2 Bb7 18. Re1 h5 19. Re5 Qd4 20.
Ne2 Qd1+ 21. Rf1 Qd6 22. Rxh5 Qc5+ 23. Rxc5 Rxh4 24. Rxc7 1-0

[Event "4th Polonia Wroclaw Open A"]
[Site "Wroclaw POL"]
[Date "2009.06.24"]
[Round "6"]
[White "Yemelin,V"]
[Black "Colin,V"]
[Result "1/2-1/2"]
[WhiteElo "2582"]
[BlackElo "2415"]
[EventDate "2009.06.20"]

1. e4 c5 2. Nf3 Nc6 3. d4 cxd4 4. Nxd4 g6 5. c4 Nf6 6. Nc3 d6 7. Nc2 Bg7 8.
Be2 O-O 9. O-O Nd7 10. Bd2 a5 11. Be3 a4 12. Rc1 Nc5 13. Nd4 Nxd4 14. Bxd4
Bh6 15. Rc2 Ne6 16. Nd5 Nxd4 17. Qxd4 Bg7 18. Qe3 Be6 19. Rd1 Bxd5 20. cxd5
Qa5 21. Qd2 Qxd2 22. Rdxd2 Rfc8 23. Bg4 Rc5 24. Kf1 b6 25. Bd7 Raa5 26. g3
Rxc2 27. Rxc2 Rc5 28. Rxc5 dxc5 29. Bxa4 Bxb2 30. Bb5 f5 31. exf5 gxf5 32.
Bd3 f4 33. g4 h6 34. Ke2 Kg7 35. Kf3 Kf6 36. Ke4 Be5 37. h4 Bd6 38. f3 Kg6
39. a4 Kf6 40. Bc2 Bc7 41. Bb3 Bd6 42. Bc4 Kg6 43. Bb5 Kf6 44. Bd7 Kg6 45.
Be6 Kf6 46. Bc8 Kg6 47. Kd3 Kf6 48. Kc4 Be5 49. Kb5 c4 50. Kxc4 Bb2 51. Kb5
Bd4 52. Kc6 Bf2 53. Bf5 Be3 54. Kd7 Bf2 55. Kc6 Be3 56. Be4 Bf2 57. Bc2 Be3
58. Kd7 Bc5 59. Ke8 Kg7 60. Bd3 Bb4 1/2-1/2

[Event "4th Polonia Wroclaw Open A"]
[Site "Wroclaw POL"]
[Date "2009.06.24"]
[Round "6"]
[White "Olszewski,Mi"]
[Black "Leniart,A"]
[Result "0-1"]
[WhiteElo "2538"]
[BlackElo "2372"]
[EventDate "2009.06.20"]

1. d4 Nf6 2. c4 g6 3. Nc3 d5 4. Nf3 Bg7 5. Qb3 dxc4 6. Qxc4 O-O 7. e4 c6 8.
Be2 b6 9. Bg5 Ba6 10. Qb3 Bxe2 11. Kxe2 h6 12. Be3 Qc8 13. Rhd1 Ng4 14.
Rac1 e5 15. Nxe5 Bxe5 16. dxe5 Qa6+ 17. Kf3 Nxe5+ 18. Kg3 Nbd7 19. Bxh6 Nc5
20. Qc2 Rfd8 21. Bg5 Rd3+ 22. Rxd3 Nexd3 23. Rd1 Qc4 24. f3 f5 25. exf5
gxf5 26. Qe2 f4+ 27. Kh4 Qf7 28. Qe7 Re8 29. Qxf7+ Kxf7 30. Rd2 Kg6 31. Re2
Rxe2 32. Nxe2 Ne6 33. Be7 Nxb2 34. g3 Nd3 35. Bd6 c5 36. gxf4 Ng7 37. Bb8
Nf5+ 38. Kh3 a6 39. Nc3 b5 40. Nd5 c4 41. a3 Nd4 42. Kg2 a5 43. Bc7 Nc6 44.
Ne3 c3 45. Kf1 b4 46. axb4 axb4 47. Ke2 Nb2 48. f5+ Kf7 49. Bb6 b3 50. Nd5
Na4 51. Kd3 c2 52. Be3 Ne5+ 53. Kd2 Nc4+ 54. Kc1 b2+ 0-1

[Event "4th Polonia Wroclaw Open A"]
[Site "Wroclaw POL"]
[Date "2009.06.24"]
[Round "6"]
[White "Socko,M"]
[Black "Godard,M"]
[Result "1-0"]
[WhiteElo "2456"]
[BlackElo "2336"]
[EventDate "2009.06.20"]

1. e4 c6 2. d4 d5 3. exd5 cxd5 4. c4 Nf6 5. Nc3 e6 6. Bg5 Be7 7. Nf3 O-O 8.
Bd3 dxc4 9. Bxc4 Nc6 10. O-O b6 11. a3 Bb7 12. Qd3 Nd5 13. Bxd5 Bxg5 14.
Be4 h6 15. Rad1 Bf4 16. Rfe1 Qb8 17. d5 exd5 18. Bxd5 Nd8 19. g3 Bc7 20.
Re7 Bxd5 21. Nxd5 Ne6 22. Nxc7 Nxc7 23. Qf5 Ne8 24. Ne5 Nf6 25. Nd7 Nxd7
26. Rdxd7 Kh8 27. Rxf7 Rxf7 28. Qxf7 Qe5 29. b4 a5 30. Re7 Qa1+ 31. Kg2
axb4 32. axb4 Qd4 33. b5 Rd8 34. Qg6 Rg8 35. Qe4 Qb2 36. Qe5 Qd2 37. Rc7
Qa2 38. Qd4 Qe2 39. Rc6 Kh7 40. Rxb6 Rf8 41. Qe3 Qc4 42. f3 Qc2+ 43. Qf2
Qd3 44. Rc6 Qxb5 45. Qc2+ Kg8 46. Rc8 Rxc8 47. Qxc8+ Kh7 48. Qc2+ Kh8 49.
g4 Qb8 50. h4 Qd8 51. Kh3 Qe8 52. Qe4 Qc8 53. Qf5 Qc1 54. g5 hxg5 55. hxg5
Qh1+ 56. Kg3 Qg1+ 57. Kf4 Qd4+ 58. Qe4 Qd8 59. Kg4 Qc8+ 60. Kh4 Qd8 61. Kh5
Qb8 62. f4 Qd8 63. f5 Qc8 64. Kg6 1-0

[Event "4th Polonia Wroclaw Open A"]
[Site "Wroclaw POL"]
[Date "2009.06.24"]
[Round "6"]
[White "Sieciechowicz,M"]
[Black "Urban,K"]
[Result "0-1"]
[WhiteElo "2392"]
[BlackElo "2456"]
[EventDate "2009.06.20"]

1. d4 d5 2. c4 e6 3. Nc3 Be7 4. cxd5 exd5 5. Bf4 c6 6. e3 Nf6 7. Bd3 Bg4 8.
Qc2 Bh5 9. Nge2 Bg6 10. Ng3 Nbd7 11. h4 Nh5 12. Nxh5 Bxh5 13. Bg3 Nf6 14.
f3 Bg6 15. Bf2 Bxd3 16. Qxd3 h5 17. O-O-O Qd7 18. e4 dxe4 19. fxe4 Ng4 20.
Bg3 Bb4 21. d5 O-O 22. Kb1 Rfe8 23. Ne2 Nf6 24. a3 Ba5 25. dxc6 Qxc6 26. e5
Ng4 27. Rc1 Qh6 28. Qd5 Bb6 29. Qxb7 Rad8 30. Rhd1 Rxd1 31. Rxd1 Qe6 32.
Nd4 Qg6+ 33. Ka2 Ne3 34. Rd2 Qxg3 35. e6 fxe6 36. Qd7 Qg6 37. Nf3 Qf7 38.
Qc6 e5+ 39. b3 Qe6 40. Qb7 Qc8 41. Qe4 Qf5 42. Qc6 Rc8 0-1

[Event "4th Polonia Wroclaw Open A"]
[Site "Wroclaw POL"]
[Date "2009.06.24"]
[Round "6"]
[White "Rajlich,I"]
[Black "Bartel,Mat"]
[Result "0-1"]
[WhiteElo "2424"]
[BlackElo "2601"]
[EventDate "2009.06.20"]

1. d4 d5 2. Nf3 Nf6 3. e3 a6 4. b3 Bf5 5. Bb2 e6 6. Be2 c5 7. Nh4 Be4 8.
Nd2 Nc6 9. O-O Be7 10. f3 Bg6 11. f4 cxd4 12. Nxg6 hxg6 13. exd4 Bd6 14. g3
Qe7 15. a3 O-O-O 16. Bd3 Rh3 17. Qe2 Rdh8 18. Nf3 g5 19. Nxg5 Rxh2 20. Qxh2
Rxh2 21. Kxh2 Ng4+ 22. Kh3 Nh6 23. c4 f6 24. Nf3 g5 25. fxg5 fxg5 26. Kg2
g4 27. Ne5 Bxe5 28. dxe5 dxc4 29. Bxc4 Nf5 30. Rae1 Kb8 31. Rf4 Qd7 32. Bc3
b5 33. Bf1 Qd5+ 34. Rfe4 Qxb3 35. Rc1 Qxa3 36. Rc2 Qb3 37. Rc1 Qa3 38. Rc2
b4 39. Be1 Qf3+ 0-1

[Event "4th Polonia Wroclaw Open A"]
[Site "Wroclaw POL"]
[Date "2009.06.24"]
[Round "6"]
[White "Macieja,B"]
[Black "Zawadzka,J"]
[Result "1-0"]
[WhiteElo "2601"]
[BlackElo "2390"]
[EventDate "2009.06.20"]

1. d4 d5 2. c4 e6 3. Nf3 c6 4. Nbd2 Nf6 5. g3 Nbd7 6. Bg2 Bd6 7. O-O O-O 8.
Qc2 Qe7 9. e4 dxe4 10. Nxe4 Nxe4 11. Qxe4 e5 12. c5 Bc7 13. Bf4 Nf6 14. Qe1
e4 15. Bxc7 Qxc7 16. Nd2 Re8 17. Nc4 b6 18. Qc1 Ba6 19. Re1 Bxc4 20. Qxc4
Qd7 21. cxb6 axb6 22. Rac1 h6 23. Qxc6 Qxd4 24. Qc3 Qxc3 25. Rxc3 Rxa2 26.
Rb3 Re6 27. f3 exf3 28. Rxe6 Ra1+ 29. Bf1 fxe6 30. Rxf3 Rb1 31. Rf2 Kf8 32.
Kg2 Ke7 33. Kf3 e5 34. Bh3 Kd6 35. Bf5 Rd1 36. Ke2 Rd4 37. Rf1 e4 38. Bg6
Rb4 39. Rd1+ Ke6 40. Rd2 Ng4 41. h3 Ne5 42. Bh7 Nf3 43. Rd8 Ng5 44. Bg8+
Ke7 45. Rd2 Nxh3 46. b3 Ng5 47. Bc4 b5 48. Bd5 Kf6 49. Bg8 e3 50. Rd6+ Ke5
51. Rg6 Rg4 52. Rxg7 Rxg3 53. Rb7 Kf4 54. Bd5 Rh3 55. Rxb5 Rh2+ 56. Ke1 Rb2
57. Rb4+ Kg3 58. Rb8 Nh3 59. Rg8+ Kf4 60. Rf8+ Ke5 61. Bf3 Nf4 62. Re8+ Kd4
63. Re4+ Kd3 64. Rxf4 Rxb3 65. Be4+ Kc3 66. Ke2 Kb2 67. Rf6 Rc3 68. Rxh6
Kb3 69. Bd3 Kb4 70. Kxe3 Rc7 71. Bf5 Kc5 72. Be4 Rc8 73. Kd3 Rd8+ 74. Kc3
Rd6 75. Rh5+ Kb6 76. Kc4 Rd7 77. Rh6+ Kc7 78. Kc5 Re7 79. Bd5 Kd7 80. Ra6
Kc7 81. Be6 Kb7 82. Rb6+ Kc7 83. Rc6+ Kb7 84. Bc8+ Kb8 85. Kd6 Rg7 86. Bf5
Rg1 87. Rb6+ Ka7 88. Rb2 Rc1 89. Bd3 Rc3 90. Be4 Ka6 91. Bc6 Ka5 92. Rb1
Rc2 93. Rb5+ Ka6 94. Kc7 Rc3 95. Rg5 Ra3 96. Bb7+ Ka7 97. Rg8 Rc3+ 98. Bc6
1-0

[Event "4th Polonia Wroclaw Open A"]
[Site "Wroclaw POL"]
[Date "2009.06.24"]
[Round "6"]
[White "Muzychuk,A"]
[Black "Gumula,D"]
[Result "0-1"]
[WhiteElo "2533"]
[BlackElo "2330"]
[EventDate "2009.06.20"]

1. e4 c5 2. Nc3 d6 3. d4 cxd4 4. Qxd4 a6 5. Be3 Nc6 6. Qd2 Nf6 7. f3 e6 8.
O-O-O b5 9. g4 Qa5 10. Kb1 b4 11. Nce2 Bb7 12. c4 Ne5 13. Ng3 Rc8 14. g5
Nxf3 15. Qc2 Ne1 16. Qe2 Nxe4 17. Qxe1 Nxg3 18. Qxg3 Bxh1 19. Bd3 Qa4 20.
Rf1 b3 21. axb3 Qxb3 22. Bd4 Rxc4 23. Ne2 Bd5 24. Bxc4 Be4+ 25. Ka1 Qxc4
26. Rc1 Qa4+ 27. Qa3 Qxa3+ 28. bxa3 Kd7 29. Bb6 e5 30. Rc7+ Ke6 31. Nc3 Bf3
32. Ra7 Be7 33. Rxa6 Rc8 34. Nb5 Be2 35. a4 Bxb5 36. axb5 Rb8 37. Ka2 Bxg5
38. Kb3 Bd8 39. Bxd8 Rxd8 40. Kb4 f5 41. b6 f4 42. Kc4 g5 43. Ra7 Rb8 0-1

[Event "4th Polonia Wroclaw Open A"]
[Site "Wroclaw POL"]
[Date "2009.06.24"]
[Round "6"]
[White "Zozulia,A"]
[Black "Grabarczyk,M"]
[Result "0-1"]
[WhiteElo "2376"]
[BlackElo "2469"]
[EventDate "2009.06.20"]

1. e4 e5 2. Nf3 Nc6 3. Bb5 a6 4. Ba4 Nf6 5. O-O Be7 6. Re1 b5 7. Bb3 d6 8.
c3 O-O 9. h3 Na5 10. Bc2 c5 11. d4 Qc7 12. Nbd2 cxd4 13. cxd4 Nc6 14. Nb3
Bd7 15. Be3 a5 16. Rc1 a4 17. Nbd2 Rfc8 18. Bd3 Qb7 19. a3 Bd8 20. Qe2 Rab8
21. dxe5 Nxe5 22. Nxe5 dxe5 23. Bc5 Ne8 24. b3 axb3 25. Nxb3 Be6 26. Qb2
Bc4 27. Bc2 Bg5 28. Be3 Bxe3 29. Rxe3 Qe7 30. Na5 Nd6 31. Qb4 Qc7 32. Bb3
h6 33. Ba2 Kh8 34. Qc3 Qc5 35. Ree1 Ra8 36. Bxc4 bxc4 37. Red1 Nxe4 38. Qf3
Ng5 0-1

[Event "4th Polonia Wroclaw Open A"]
[Site "Wroclaw POL"]
[Date "2009.06.24"]
[Round "6"]
[White "Tomczak,J"]
[Black "Panocki,A"]
[Result "1-0"]
[WhiteElo "2447"]
[BlackElo "2370"]
[EventDate "2009.06.20"]

1. e4 e5 2. Nf3 Nc6 3. d4 exd4 4. Nxd4 Qf6 5. Be3 Bc5 6. c3 Nge7 7. Bc4 O-O
8. O-O b6 9. Nc2 Bb7 10. Bxc5 bxc5 11. Nd2 Ne5 12. Be2 N7g6 13. g3 d6 14.
Ne3 Nd7 15. f4 Bc6 16. Bf3 Rab8 17. Qc2 Rfe8 18. Rae1 Qd8 19. h4 h6 20. b3
a5 21. a4 Qc8 22. Qd3 Qb7 23. Nd5 Nb6 24. c4 Bxd5 25. cxd5 Nd7 26. Qc2 Qb4
27. Be2 Qd4+ 28. Kg2 Nf6 29. Bb5 Re7 30. Nf3 Qb4 31. Nd2 Qd4 32. Qd3 Qxd3
33. Bxd3 Rb4 34. Bc4 Nd7 35. Rf3 f6 36. h5 Nh8 37. Rfe3 Nf7 38. Bb5 Nb6 39.
Nf3 Nd8 40. Nh4 c6 41. dxc6 Rc7 42. Rd3 Nc8 43. e5 fxe5 44. fxe5 Rd4 45.
Rxd4 cxd4 46. Nf5 Nf7 47. e6 Ne5 48. Nxd6 Nxc6 49. Nxc8 1-0

[Event "4th Polonia Wroclaw Open A"]
[Site "Wroclaw POL"]
[Date "2009.06.24"]
[Round "6"]
[White "Janocha,W"]
[Black "Muzychuk,M"]
[Result "0-1"]
[WhiteElo "2294"]
[BlackElo "2441"]
[EventDate "2009.06.20"]

1. e4 d5 2. exd5 Nf6 3. d4 Nxd5 4. Nf3 g6 5. c4 Nb6 6. h3 Bg7 7. Nc3 O-O 8.
Be3 Nc6 9. Qd2 a5 10. d5 Ne5 11. Nxe5 Bxe5 12. Be2 e6 13. Rd1 exd5 14. cxd5
Bf5 15. O-O Nc8 16. Bd4 Bxd4 17. Qxd4 Nd6 18. Bf3 Ra6 19. Rd2 Re8 20. a3
Bd7 21. Rc1 Qg5 22. h4 Qh6 23. g3 Nf5 24. Qd3 Nxg3 25. fxg3 Re3 26. Qd4
Rxf3 27. Ne4 f5 28. Rxc7 fxe4 29. Rxd7 Raf6 30. Kh2 Qxd2+ 31. Qxd2 Rf2+ 32.
Qxf2 Rxf2+ 33. Kh3 Rxb2 34. d6 e3 35. Kg4 e2 36. Re7 Rd2 37. Kf3 Kf8 38.
Kf2 Rxd6 39. Rxh7 Re6 40. Ke1 Re3 41. g4 Rxa3 42. Rxb7 Ra2 43. h5 gxh5 44.
gxh5 a4 45. h6 Kg8 46. h7+ Kh8 47. Ra7 a3 48. Kf2 Ra1 0-1

[Event "4th Polonia Wroclaw Open A"]
[Site "Wroclaw POL"]
[Date "2009.06.24"]
[Round "6"]
[White "Dubinski,M"]
[Black "Bobula,M"]
[Result "0-1"]
[WhiteElo "2149"]
[BlackElo "2389"]
[EventDate "2009.06.20"]

1. e4 e6 2. Nc3 d5 3. Nf3 Nf6 4. e5 Nfd7 5. d4 c5 6. dxc5 Nc6 7. Bf4 Bxc5
8. Bd3 f6 9. exf6 Nxf6 10. Qe2 O-O 11. O-O Qe7 12. Bg3 Bd7 13. a3 a6 14.
Rae1 Rae8 15. Ne5 Nxe5 16. Qxe5 Bc6 17. b4 Bb6 18. Qg5 Bc7 19. Bxc7 Qxc7
20. f4 a5 21. Kh1 axb4 22. axb4 Bd7 23. Ne2 Qb6 24. Qe5 Bb5 25. Qd4 Qc6 26.
Qc5 Bxd3 27. cxd3 Qxc5 28. bxc5 e5 29. fxe5 Rxe5 30. Nd4 Ng4 31. Rxf8+ Kxf8
32. Nf3 Rxe1+ 33. Nxe1 d4 34. Kg1 Ne5 35. Kf2 Ke7 36. Kg3 Ke6 37. Kf4 Kd5
38. h4 Ng6+ 39. Kg5 Kxc5 40. h5 Ne5 41. h6 Nf7+ 0-1

[Event "4th Polonia Wroclaw Open A"]
[Site "Wroclaw POL"]
[Date "2009.06.24"]
[Round "6"]
[White "Swiercz,D"]
[Black "Orzechowski,J"]
[Result "1-0"]
[WhiteElo "2492"]
[BlackElo "2268"]
[EventDate "2009.06.20"]

1. Nf3 Nf6 2. c4 d6 3. d4 Nbd7 4. Nc3 e5 5. g3 c6 6. Qc2 g6 7. Bg2 Bg7 8.
O-O O-O 9. Rd1 Re8 10. e4 a6 11. d5 cxd5 12. cxd5 b5 13. a3 Nb6 14. Nd2 Bd7
15. Qd3 Na4 16. Nb3 Rc8 17. Na2 Qc7 18. Rb1 Nc5 19. Nxc5 Qxc5 20. Be3 Qc7
21. f3 Nh5 22. Rbc1 Qb7 23. Nb4 Rxc1 24. Rxc1 Rc8 25. Rxc8+ Qxc8 26. Qc3
Qb7 27. Nc6 Nf6 28. Bf1 Ne8 29. b3 Kf8 30. a4 bxa4 31. bxa4 Qb1 32. a5 Qd1
33. Kf2 f5 34. Nb8 Bb5 35. Bxb5 axb5 36. a6 f4 37. Bb6 fxg3+ 38. hxg3 b4
39. Qxb4 Bh6 40. a7 Qc2+ 41. Kg1 Qd1+ 42. Kf2 Qc2+ 43. Ke1 Qc1+ 44. Ke2
Qc2+ 45. Kf1 Qd3+ 46. Ke1 Qxf3 47. a8=Q Qh1+ 48. Ke2 Qh5+ 49. Kd3 Qd1+ 50.
Kc4 Qf1+ 51. Kb3 Qd1+ 52. Ka2 Qe2+ 53. Qb2 Qc4+ 54. Ka1 Bc1 55. Qf2+ Kg8
56. Qc6 Qa6+ 57. Nxa6 1-0